000 00377nam a2200145Ia 4500
008 230711s9999||||xx |||||||||||||| ||und||
041 _aENG
082 _a20
_bFR-N
100 _aWebster,John G
245 0 _aWebster's new dictionary and thesaurus
250 _a1st Ed.
260 _c1989
_aNew York
_bVan Nostrand Reinhold Co.
650 _aMechanical Engineering
942 _cBK
999 _c1248
_d1248